Priniesli eurofondy Slovensku prospech?
Anketa časopisu Zisk manažment, ktorý oslovil popredných slovenských ekonomických analytikov s otázkami, či by sa Slovensko zaobišlo bez dotácií z Európskej únie a aká je ich cena smerom od nás k Bruselu.
Gespeichert in:
| 1. Verfasser: | |
|---|---|
| Format: | Buchkapitel |
| Sprache: | Slowakisch |
| Schlagworte: | |
| Tags: |
Keine Tags, Fügen Sie das erste Tag hinzu!
|
MARC
| LEADER | 00000naa a2200000 4500 | ||
|---|---|---|---|
| 001 | 0214845 | ||
| 005 | 20230912114941.4 | ||
| 041 | 0 | |a slo | |
| 044 | |a SK | ||
| 245 | 1 | 0 | |a Priniesli eurofondy Slovensku prospech? |c Václav Bobáň |
| 520 | |a Anketa časopisu Zisk manažment, ktorý oslovil popredných slovenských ekonomických analytikov s otázkami, či by sa Slovensko zaobišlo bez dotácií z Európskej únie a aká je ich cena smerom od nás k Bruselu. | ||
| 610 | 2 | 0 | |a ankety |
| 610 | 2 | 0 | |a ekonómovia |
| 610 | 2 | 0 | |a situácia hospodárska |
| 610 | 2 | 0 | |a fondy Európskej únie |
| 610 | 2 | 0 | |a fondy štruktúrne |
| 610 | 2 | 0 | |a spolupráca medzinárodná |
| 610 | 2 | 0 | |a investície |
| 610 | 2 | 0 | |a Slovensko |
| 100 | 1 | |a Bobáň, Václav | |